Informe sobre la situación de los refugiados y migrantes centroamericanos
La actual crisis de refugiados en el área de México y América Central está determinada por la transformación de la economía política centroamericana. La represión estatal y la violencia, como resultado de complejos factores estructurales y políticos, han dado lugar a importantes corrientes migratori...
Na minha lista:
| Autor principal: | |
|---|---|
| Formato: | Texto |
| Publicado em: |
s.l.e:
CIPRA. CIM
|
| Assuntos: | |
| Tags: |
Adicionar Tag
Sem tags, seja o primeiro a adicionar uma tag!
|
MARC
| LEADER | 00000 a a2200000 04500 | ||
|---|---|---|---|
| 001 | 13706 | ||
| 003 | |||
| 040 | |||
| 020 | |a 92-9068-011-3 | ||
| 022 | |a 92-9068-011-3 | ||
| 090 | |a 025300 | ||
| 100 | |a Torres Rivas, Edelberto | ||
| 245 | |a Informe sobre la situación de los refugiados y migrantes centroamericanos | ||
| 260 | |a s.l.e: |b CIPRA. CIM | ||
| 300 | |a 93 p | ||
| 300 | |b **no definido** | ||
| 520 | |a La actual crisis de refugiados en el área de México y América Central está determinada por la transformación de la economía política centroamericana. La represión estatal y la violencia, como resultado de complejos factores estructurales y políticos, han dado lugar a importantes corrientes migratorias. El autor analiza esos condicionantes y la magnitud y características de la migración de salvadoreños, guatemaltecos y nicaragüenses hacia los distintos países de acogida (México, Honduras y Costa Rica, principalmente). Las consecuencias políticas de la migración internacional y de las corrientes de refugiados también son objeto de análisis. EVM/mb | ||
| 650 | |a REFUGIADOS | ||
| 650 | |a ANALISIS SOCIOLOGICO | ||
| 650 | |a MIGRACION FORZADA | ||
| 650 | |a INMIGRACION ILEGAL | ||
| 650 | |a POLITICA MIGRATORIA | ||
| 650 | |a CRECIMIENTO DEMOGRAFICO | ||
| 650 | |a DISTRIBUCION DEL INGRESO | ||
| 650 | |a DEVALUACION | ||
| 650 | |a REFUGIADOS | ||
| 650 | |a AYUDA FINANCIERA | ||
| 650 | |a ACNUR | ||
| 999 | |c 14855 |d 14855 | ||



